Κατάλογος Βιβλιοθηκών Mediterranean College

Cognitive Therapy of Personality Disorders / Second Edition (Record no. 49)

MARC details
000 -LEADER
fixed length control field 01435cam a22002294a 4500
005 - ΗΜΕΡΟΜΗΝΙΑ ΚΑΙ ΩΡΑ ΤΕΛΕΥΤΑΙΑΣ ΕΝΗΜΕΡΩΣΗΣ
Πεδίο ελέγχου 20250605163922.0
008 - FIXED-LENGTH DATA ELEMENTS--GENERAL INFORMATION
Πεδίο ελέγχου σταθερού μήκους 250528s ||||||||||||||||||||||||d
035 ## - SYSTEM CONTROL NUMBER
System control number 14416
020 ## - ISBN
ISBN 1572308567
040 ## - ΠΗΓΗ ΚΑΤΑΛΟΓΟΓΡΑΦΗΣΗΣ
Φορέας πρωτότυπης καταλογογράφησης MC Athens Campus Library
Γλώσσα καταλογογράφησης Ελληνικά, Μοντέρνα (1453-)
Modifying agency MC Athens Campus Library
Κανόνες περιγραφικής καταλογογράφησης AACR2
245 1# - ΤΙΤΛΟΣ ΚΑΙ ΔΗΛΩΣΗ ΥΠΕΥΘΥΝΟΤΗΤΑΣ
Τίτλος Cognitive Therapy of Personality Disorders / Second Edition
250 ## - EDITION STATEMENT
Edition statement 2nd
260 ## - PUBLICATION, DISTRIBUTION, ETC.
Name of publisher, distributor, etc. The Guilford Press,
Date of publication, distribution, etc. 2004
300 ## - PHYSICAL DESCRIPTION
Extent 414
520 ## - SUMMARY, ETC.
Summary, etc. The authors in this book demonstrate their groundbreaking cognitive model of the personality disorders. History and Theory and Research, Overview of Cognitive Therapy of Personality Disorders, Theory of Personality Disorders, Assessment of Personality Disorders, General Principles and Specialized Techniques, The Cognitive Therapy Relationship with Personality-Disordered Patients, Clinical Applications, Paranoid Personality Disorder, Schizoid and Schizotypal Personality Disorders, Antisocial Personality Disorder, Borderline Personality Disorder, Histrionic Personality Disorder, Narcissistic Personality Disorder, Dependent Personality Disorder, Avoidant Personality Disorder, Obsessive-Compulsive Personality Disorder, Passive-Aggressive Personality Disorder (Negativistic Personality Disorder), Synthesis and Prospects for the Future, References, Index.
700 1# - ΠΡΟΣΘΕΤΗ ΑΝΑΓΡΑΦΗ--ΦΥΣΙΚΟ ΠΡΟΣΩΠΟ
Personal name Beck Aaron T.
9 (RLIN) 64
700 1# - ΠΡΟΣΘΕΤΗ ΑΝΑΓΡΑΦΗ--ΦΥΣΙΚΟ ΠΡΟΣΩΠΟ
Personal name Davis Denise D
9 (RLIN) 65
700 1# - ΠΡΟΣΘΕΤΗ ΑΝΑΓΡΑΦΗ--ΦΥΣΙΚΟ ΠΡΟΣΩΠΟ
Personal name Freeman Arthur
9 (RLIN) 66
942 ## - ADDED ENTRY ELEMENTS (KOHA)
Koha item type Books
Holdings
Τύπος τεκμηρίου Βιβλιοθήκη Τρέχουσα τοποθεσία Barcode Αριθμός εισαγωγής Ημερομηνία απόκτησης Ταξιθετικό σύμβολο Αριθμός αντιτύπου Κατάσταση απόσυρσης Κατάσταση χαμένου Κατάσταση κατεστραμμένου Μη δανεισμός Σύνολο δανεισμών Σύνολο ανανεώσεων Ημερομηνία τελευταίας εμφάνισης Χρονολογία τελευταίου δανεισμού Η τιμή ισχύει από
Books MC Athens Campus Library MC Athens Campus Library 9780000000484 2020 05/06/2025 616.85/8 BEC 1         1 1 22/12/2025 12/12/2025 05/06/2025

MC Athens Campus Library
Πατησίων 94 & Κοδριγκτώνος 13, 104 34
Πελλήνης 8 & Πατησίων 107, 112 51
Τ: +30 210 8899600

MC Thessaloniki Campus Library
Ίωνος Δραγούμη 21, 54625 | Ίωνος Δραγούμη 15, 54625
Τ: +30 2310 287779 – Τ: +30 2314 440300